Deutsche Städte, die mit B beginnen - Karten-Quiz - Statistiken

Allgemein
  • Dieses Quiz wurde 219 mal gespielt
  • Das Durchschnittsergebnis liegt bei 14 aus 16
Antworten auf der Karte
Die Antworten werden auf der Karte rot bzw. grün angezeigt, abhängig davon wie oft sie richtig erraten wurden.
 
Antwortstatistiken
Antwort % Korrekt
Bremen
99%
Berlin
96%
Bonn
95%
Bergen auf Rügen
94%
Braunschweig
93%
Bremerhaven
93%
Bamberg
92%
Brandenburg a. d. Havel
92%
Bielefeld
91%
Baden-Baden
90%
Bautzen
88%
Bochum
85%
Bad Oldesloe
84%
Bad Reichenhall
75%
Bad Kreuznach
68%
Bad Homburg v. d. Höhe
67%
Keine übereinstimmenden Quizze gefunden
Verteilung der Resultate
Anzahl Personen mit jedem Resultat
Perzentil nach korrekt beantworteten Fragen
Ihre Resultats-Entwicklung
Sie haben dieses Quiz noch nicht gespielt